Statistics for Famous Australians

Click here to take the quiz!

General Stats

  • This quiz has been taken 462 times
  • The average score is 9 of 15

Answer Stats

HintAnswer% Correct
WolverineHugh Jackman
94%
He was the JokerHeath Ledger
83%
Dannii's sisterKylie Minogue
77%
The ThorpedoIan Thorpe
71%
Crocodile DundeePaul Hogan
69%
Best cricketer ever (arguably the best sportsperson ever)Donald Bradman
67%
Barry Humphries' most famous alter egoDame Edna
64%
Wore a metal helmet that made him look like a postboxNed Kelly
61%
They came Back in BlackAC/DC
59%
He Shined in The King's SpeechGeoffrey Rush
53%
Directed Moulin Rouge and AustraliaBaz Luhrmann
46%
Opera singer who gave her name to a fruity dessertDame Nellie Melba
40%
Tasmanian swashbuckler who did NOT die of syphillisErrol Flynn
37%
Feminist of Female Eunuch fameGermaine Greer
35%
Author of Schindler's ArkThomas Keneally
17%

Score Distribution

Percentile by Number Answered

Percent of People with Each Score

Your Score History

You have not taken this quiz